Entry Personal Name
Number of records used in: 1
001 - CONTROL NUMBER
003 - CONTROL NUMBER IDENTIFIER
005 - DATE AND TIME OF LATEST TRANSACTION
- control field:
20230919133347.0
008 - FIXED-LENGTH DATA ELEMENTS
- fixed length control field:
831208n| acannaabn |n aaa
010 ## - LIBRARY OF CONGRESS CONTROL NUMBER
- LC control number:
n 83200822
035 ## - SYSTEM CONTROL NUMBER
- System control number:
(OCoLC)oca01013532
040 ## - CATALOGING SOURCE
- Original cataloging agency:
DLC
- Language of cataloging:
eng
- Transcribing agency:
DLC
- Modifying agency:
OCoLC
100 1# - HEADING--PERSONAL NAME
- Personal name:
Black, Edwin
670 ## - SOURCE DATA FOUND
- Source citation:
His The transfer agreement, c1984:
- Information found:
CIP t.p. (Edwin Black)
670 ## - SOURCE DATA FOUND
- Source citation:
LC data base, 12/5/83
- Information found:
(hdg.: Black, Edwin)